| 000 | 01361njm a22002897a 4500 | ||
|---|---|---|---|
| 005 | 20100909105151.0 | ||
| 007 | sd ammalaaahaa | ||
| 008 | 100904t xxu||||| |||| 00| 0 hin d | ||
| 028 |
_aN. 55179 _bHis Master's Voice |
||
| 028 |
_aOJE. 24765 _bHis Master's Voice |
||
| 028 |
_aOJE. 24766 _bHis Master's Voice |
||
| 035 | _aGR-01514 | ||
| 040 | _aSED/VEN | ||
| 100 |
_aKishor Kumar _91184 |
||
| 245 |
_aAkalmand; Part-1: _bHindustani / _cby Kishor Kumar; Music Dtn.by Iqbal O.P. Nayyar; Lyric by P.L. Santoshi _h[Sound Recording] : |
||
| 246 | _aअकलमंद (किशोर कुमार) | ||
| 260 |
_aDum Dum, India : _bHis Master's Voice |
||
| 300 |
_a1 sound disc [Gramophone Recording] : _banalog, 33 1/3 rpm ; _c10 in. _fGramophone Records |
||
| 500 | _aBrief Records | ||
| 505 | _aSong Side-1; दो अकलमंद (अकल्मन्द) (किशोर कुमार और मोहम्मद रफ़ी), Song Side-2;,बालमा साजना (आशा भोसले और उषा मंगेशकर) Part 2 | ||
| 650 |
_aClassical Music _xExcerpts _zIndia _918309 |
||
| 700 |
_918319 _aBhosle, Asha |
||
| 700 |
_918320 _aBhosle, Asha |
||
| 700 |
_aMangeshkar, Usha _919056 |
||
| 942 |
_2ddc _cGR |
||
| 999 |
_c44636 _d44636 |
||